[Event "European School-ch 2019"]
[Site "Mamaia"]
[Date "2019.06.03"]
[Round "4.11"]
[White "Vilcu, Matei-Stefan"]
[Black "Padurariu, Mihai-Edward"]
[Result "0-1"]
[WhiteElo "1991"]
[BlackElo "2090"]
[Annotator "NA"]
[PlyCount "98"]
[EventDate "2019.05.31"]
[EventType "swiss"]
[EventCountry "ROU"]
[SourceTitle "playchess.com"]
[Source "ChessBase"]
[SourceQuality "1"]
[TimeControl "40/5400+30:1800+30"]

1. e4 {[%emt 0:00:00]} e6 {[%emt 0:00:00]} 2. d4 {[%emt 0:00:00]} d5 {[%emt 0:00:00]} 3. Nc3 {[%emt 0:00:00]} Nf6 {[%emt 0:00:30]} 4. Bg5 {[%emt 0:00:43]} Be7 {[%emt 0:00:14]} 5. e5 {[%emt 0:00:17]} Nfd7 {[%emt 0:00:05]} 6. Bxe7 {[%emt 0:00:31]} Qxe7 {[%emt 0:00:06]} 7. f4 {[%emt 0:00:03]} a6 {[%emt 0:03:48]} 8. Nf3 {[%emt 0:00:48]} c5 9. dxc5 {[%emt 0:01:42]} Nxc5 {[%emt 0:09:36]} 10. Bd3 {[%emt 0:02:11]} b5 $11 {[%emt 0:16:23]} 11. Qd2 {[%emt 0:03:31]} Bb7 {[%emt 0:06:16]} 12. Ne2 {[%emt 0:07:31]} Nbd7 {[%emt 0:05:48]} 13. Ned4 {[%emt 0:04:19]} Ne4 {[%emt 0:07:10]} 14. Qe2 {[%emt 0:13:56]} Ndc5 {[%emt 0:04:42]} 15. O-O {[%emt 0:03:23]} O-O {[%emt 0:02:35]} 16. Kh1 {[%emt 0:03:32]} f6 {[%emt 0:05:54]} 17. exf6 {[%emt 0:09:58]} Rxf6 {[%emt 0:03:29]} 18. Bxe4 {[%emt 0:08:38]} Nxe4 {[%emt 0:03:49]} 19. Nd2 {[%emt 0:04:35]} Raf8 {[%emt 0:02:53]} 20. Nxe4 {[%emt 0:02:15]} dxe4 {[%emt 0:00:04]} 21. Qe3 {[%emt 0:08:34]} e5 {[%emt 0:01:16]} 22. Ne2 {[%emt 0:00:59]} exf4 {[%emt 0:01:06]} 23. Rxf4 {[%emt 0:00:55]} Rxf4 {[%emt 0:01:27]} 24. Nxf4 {[%emt 0:00:05]} Qe5 {[%emt 0:05:04]} 25. Nd3 {[%emt 0:09:05]} Qf6 {[%emt 0:02:45]} 26. Nc5 {[%emt 0:00:38]} Bc6 {[%emt 0:03:04]} 27. Kg1 {[%emt 0:03:25]} Kh8 {[%emt 0:05:58]} 28. c3 {[%emt 0:01:09]} a5 {[%emt 0:02:14]} 29. Rd1 {[%emt 0:03:27]} b4 {[%emt 0:00:59]} 30. Nb3 {[%emt 0:03:20]} bxc3 {[%emt 0:00:54]} 31. bxc3 {[%emt 0:00:01]} a4 {[%emt 0:01:00]} 32. Nd4 {[%emt 0:01:32]} Bd5 {[%emt 0:00:15]} 33. Qe2 {[%emt 0:01:35]} Qf7 {[%emt 0:01:40]} 34. Rf1 {[%emt 0:01:52]} Qxf1+ {[%emt 0:00:06]} 35. Qxf1 {[%emt 0:00:02]} Rxf1+ {[%emt 0:00:06]} 36. Kxf1 {[%emt 0:00:02]} Bxa2 {[%emt 0:00:08]} 37. Ke2 {[%emt 0:01:41]} Bc4+ {[%emt 0:01:32]} 38. Ke3 {[%emt 0:01:05]} Bd3 {[%emt 0:00:41]} 39. c4 {[%emt 0:00:05]} Bxc4 {[%emt 0:01:26]} 40. Kxe4 {[%emt 0:00:00]} a3 {[%emt 0:00:00]} 41. Nc2 {[%emt 0:00:58]} a2 {[%emt 0:01:55]} 42. g4 {[%emt 0:03:08]} Kg8 {[%emt 0:02:42]} 43. h4 {[%emt 0:00:14]} Kf7 {[%emt 0:00:15]} 44. Ke5 {[%emt 0:00:08]} Bb3 {[%emt 0:00:14]} 45. Na1 {[%emt 0:00:15]} Bd1 {[%emt 0:00:11]} 46. Kf5 {[%emt 0:00:16]} g6+ {[%emt 0:00:27]} 47. Kg5 {[%emt 0:00:06]} Kg7 {[%emt 0:00:07]} 48. h5 {[%emt 0:00:47]} h6+ {[%emt 0:00:07]} 49. Kh4 {[%emt 0:00:03]} g5+ {[%emt 0:00:04]} 0-1

[Event "European School-ch 2019"]
[Site "Mamaia"]
[Date "2019.06.03"]
[Round "4.12"]
[White "Simonyan, Grigori"]
[Black "Silich, Yahor"]
[Result "0-1"]
[WhiteElo "2019"]
[BlackElo "2082"]
[Annotator "NA"]
[PlyCount "48"]
[EventDate "2019.05.31"]
[EventType "swiss"]
[EventCountry "ROU"]
[SourceTitle "playchess.com"]
[Source "ChessBase"]
[SourceQuality "1"]
[TimeControl "40/5400+30:1800+30"]

1. e4 {[%emt 0:00:00]} c5 {[%emt 0:00:00]} 2. Nf3 {[%emt 0:00:00]} Nc6 {[%emt 0:00:24]} 3. Bb5 {[%emt 0:00:00]} Nf6 {[%emt 0:00:27]} 4. Bxc6 dxc6 {[%emt 0:00:15]} 5. d3 {[%emt 0:12:06]} Nd7 {[%emt 0:01:28]} 6. O-O {[%emt 0:02:55]} e5 {[%emt 0:02:01]} 7. Be3 {[%emt 0:00:44]} Bd6 {[%emt 0:02:06]} 8. Nc3 {[%emt 0:02:25]} Nf8 {[%emt 0:06:09]} 9. Nd2 {[%emt 0:01:22]} Ne6 {[%emt 0:04:26]} 10. Nc4 $11 {[%emt 0:02:24]} Bc7 {[%emt 0:00:49]} 11. a4 {[%emt 0:00:36]} a5 {[%emt 0:01:37]} 12. Ne2 {[%emt 0:08:48]} Nf4 {[%emt 0:05:04]} 13. Nxf4 {[%emt 0:13:50]} exf4 {[%emt 0:00:23]} 14. Bxc5 {[%emt 0:00:10]} b6 {[%emt 0:14:01]} 15. Ba3 {[%emt 0:00:09]} b5 {[%emt 0:00:06]} 16. axb5 {[%emt 0:00:04]} cxb5 {[%emt 0:00:03]} 17. Nd2 {[%emt 0:00:03]} Ra6 {[%emt 0:00:19]} 18. Bc5 {[%emt 0:27:34]} Rg6 {[%emt 0:08:24]} 19. d4 {[%emt 0:03:29]} Bh3 {[%emt 0:06:06]} 20. Qe2 {[%emt 0:06:56]} Rxg2+ {[%emt 0:05:24]} 21. Kh1 {[%emt 0:00:08]} Rxh2+ {[%emt 0:00:03]} 22. Kxh2 {[%emt 0:00:33]} f3+ {[%emt 0:00:01]} 23. Kxh3 {[%emt 0:00:11]} Qd7+ {[%emt 0:00:30]} 24. Kh4 {[%emt 0:00:06]} g5+ {[%emt 0:00:17]} 0-1

[Event "European School-ch 2019"]
[Site "Mamaia"]
[Date "2019.06.03"]
[Round "4.13"]
[White "Levin, Guy"]
[Black "Nastore, Pavel-Alexandru"]
[Result "0-1"]
[WhiteElo "2054"]
[BlackElo "1942"]
[Annotator "NA"]
[PlyCount "110"]
[EventDate "2019.05.31"]
[EventType "swiss"]
[EventCountry "ROU"]
[SourceTitle "playchess.com"]
[Source "ChessBase"]
[SourceQuality "1"]
[TimeControl "40/5400+30:1800+30"]

1. Nf3 {[%emt 0:00:00]} c5 {[%emt 0:00:00]} 2. g3 {[%emt 0:00:00]} Nc6 {[%emt 0:00:00]} 3. Bg2 {[%emt 0:00:08]} g6 {[%emt 0:00:00]} 4. c4 {[%emt 0:00:34]} Bg7 {[%emt 0:00:00]} 5. Nc3 {[%emt 0:00:10]} e6 {[%emt 0:00:17]} 6. O-O {[%emt 0:00:13]} Nge7 {[%emt 0:00:03]} 7. d4 {[%emt 0:00:20]} cxd4 {[%emt 0:18:49]} 8. Nb5 {[%emt 0:00:12]} d5 {[%emt 0:02:51]} 9. c5 {[%emt 0:01:08]} (9. cxd5 $11 {remains equal.} Nxd5 10. Nfxd4) 9... Nf5 {[%emt 0:06:18]} 10. g4 {[%emt 0:01:49] [#]} (10. Bg5 $17 {keeps fighting.} f6 11. Bd2) 10... a6 $17 {[%emt 0:00:38]} 11. gxf5 {[%emt 0:03:19]} axb5 {[%emt 0:00:04]} 12. fxe6 {[%emt 0:01:41]} fxe6 {[%emt 0:00:34]} 13. Qb3 {[%emt 0:12:53]} b4 {[%emt 0:05:32]} 14. e4 {[%emt 0:00:55]} dxe3 {[%emt 0:07:51]} 15. Bxe3 {[%emt 0:00:36]} O-O {[%emt 0:00:20]} 16. Rfd1 {[%emt 0:11:32]} h6 {[%emt 0:13:10]} 17. Nd4 {[%emt 0:12:10]} Qh4 {[%emt 0:05:03]} 18. Qd3 {[%emt 0:03:23]} Ne5 {[%emt 0:01:08]} 19. Qe2 {[%emt 0:00:06]} Bd7 {[%emt 0:12:41]} 20. b3 {[%emt 0:10:54]} Rf7 {[%emt 0:00:42]} 21. Rac1 {[%emt 0:04:52]} Raf8 {[%emt 0:00:10]} 22. f4 {[%emt 0:07:08]} Ng4 {[%emt 0:01:08]} 23. Nf3 {[%emt 0:00:03]} Qe7 {[%emt 0:01:50]} 24. Bd2 {[%emt 0:03:17]} e5 {[%emt 0:11:17]} 25. fxe5 {[%emt 0:01:22]} Nxe5 {[%emt 0:01:40]} 26. Nxe5 {[%emt 0:02:28]} Bxe5 {[%emt 0:00:05]} 27. Re1 {[%emt 0:00:52]} Re8 {[%emt 0:08:22]} 28. Kh1 {[%emt 0:04:54]} Bc6 {[%emt 0:02:50]} 29. Qg4 {[%emt 0:04:56]} Kh7 {[%emt 0:00:31]} 30. Rf1 {[%emt 0:04:23]} Ref8 {[%emt 0:00:22]} 31. Rxf7+ {[%emt 0:01:53]} Rxf7 {[%emt 0:00:05]} 32. Re1 {[%emt 0:01:28]} Qc7 {[%emt 0:00:45]} 33. Qh3 {[%emt 0:01:18]} h5 {[%emt 0:00:05]} 34. Qe3 {[%emt 0:02:07]} Bf4 {[%emt 0:00:33]} 35. Qd3 {[%emt 0:00:01]} Bxh2 {[%emt 0:00:47]} 36. Re6 {[%emt 0:00:26]} Qg3 {[%emt 0:00:34]} 37. Qd4 {[%emt 0:01:34]} Qc7 {[%emt 0:00:48]} 38. Bxb4 {[%emt 0:01:28]} Rf4 {[%emt 0:00:10]} 39. Qe3 {[%emt 0:00:38]} Rf1+ {[%emt 0:00:10]} 40. Bxf1 {[%emt 0:00:00]} d4+ {[%emt 0:00:00]} 41. Qe4 {[%emt 0:01:49]} Bxe4+ {[%emt 0:00:21]} 42. Rxe4 {[%emt 0:00:16]} Be5 {[%emt 0:00:52]} 43. Bd3 {[%emt 0:00:48]} Qf7 {[%emt 0:01:31]} 44. Kg2 {[%emt 0:00:27]} Qf6 {[%emt 0:00:19]} 45. Be1 {[%emt 0:04:02]} Qg5+ {[%emt 0:00:51]} 46. Kf3 {[%emt 0:01:25]} Qg1 {[%emt 0:01:24]} 47. b4 {[%emt 0:02:19]} Kg7 {[%emt 0:03:36]} 48. b5 {[%emt 0:02:19]} g5 {[%emt 0:00:09]} 49. c6 {[%emt 0:00:14]} Qh2 {[%emt 0:00:03]} 50. Re2 {[%emt 0:01:57]} Qh1+ {[%emt 0:01:11]} 51. Kf2 {[%emt 0:00:12]} g4 {[%emt 0:00:11]} 52. Re4 {[%emt 0:00:58]} Kf6 {[%emt 0:02:37]} 53. cxb7 {[%emt 0:00:46]} Bg3+ {[%emt 0:00:14]} 54. Kxg3 {[%emt 0:00:38]} Qg1+ {[%emt 0:01:49]} 55. Kf4 {[%emt 0:00:20]} Qh2+ {[%emt 0:00:07]} 0-1

[Event "European School-ch 2019"]
[Site "Mamaia"]
[Date "2019.06.03"]
[Round "4.14"]
[White "Dobre, Radu-Fabian"]
[Black "Kanli, Alperen"]
[Result "1/2-1/2"]
[WhiteElo "1978"]
[BlackElo "1790"]
[Annotator "NA"]
[PlyCount "51"]
[EventDate "2019.05.31"]
[EventType "swiss"]
[EventCountry "ROU"]
[SourceTitle "playchess.com"]
[Source "ChessBase"]
[SourceQuality "1"]
[TimeControl "40/5400+30:1800+30"]

1. e4 {[%emt 0:00:00]} c6 {[%emt 0:00:00]} 2. d4 {[%emt 0:00:00]} d5 {[%emt 0:00:00]} 3. exd5 {[%emt 0:00:00]} cxd5 {[%emt 0:00:00]} 4. Bd3 {[%emt 0:00:00]} Nc6 {[%emt 0:00:00]} 5. c3 {[%emt 0:00:00]} Nf6 {[%emt 0:00:00]} 6. Bf4 {[%emt 0:00:06]} Bg4 {[%emt 0:01:00]} 7. Qb3 {[%emt 0:00:06]} e5 {[%emt 0:06:23]} 8. dxe5 {[%emt 0:10:11]} Nh5 {[%emt 0:00:10]} 9. Be3 {[%emt 0:08:04]} Nxe5 {[%emt 0:00:23]} 10. Bb5+ {[%emt 0:00:23]} Nc6 {[%emt 0:00:01]} 11. Be2 {[%emt 0:03:15]} Nf6 {[%emt 0:00:23]} 12. Nd2 $11 {[%emt 0:05:42]} Qd7 {[%emt 0:06:41]} 13. Ngf3 {[%emt 0:01:36]} Bd6 {[%emt 0:02:07]} 14. O-O {[%emt 0:01:36]} O-O {[%emt 0:01:20]} 15. Rfe1 {[%emt 0:00:18]} Be6 {[%emt 0:11:20]} 16. Qa4 {[%emt 0:01:00]} Ng4 {[%emt 0:05:14]} 17. Nf1 {[%emt 0:01:38]} Nxe3 {[%emt 0:07:59]} 18. Nxe3 {[%emt 0:00:01]} Bc5 {[%emt 0:00:00]} 19. Bf1 {[%emt 0:07:33]} Rfd8 {[%emt 0:09:23]} 20. Qh4 {[%emt 0:04:41]} Be7 {[%emt 0:05:08]} 21. Qh5 {[%emt 0:05:01]} g6 {[%emt 0:14:17]} 22. Qh6 {[%emt 0:02:17]} Bf8 {[%emt 0:00:01]} 23. Qh4 {[%emt 0:00:37]} Qe7 {[%emt 0:00:17]} 24. Qxe7 {[%emt 0:01:25]} Bxe7 {[%emt 0:00:32]} 25. Nc2 {[%emt 0:14:44]} Bf6 {[%emt 0:03:32]} 26. Rad1 {[%emt 0:07:57]} 1/2-1/2

[Event "European School-ch 2019"]
[Site "Mamaia"]
[Date "2019.06.03"]
[Round "4.15"]
[White "Creanga, Robert-Ionut"]
[Black "Andreev, Konstantin"]
[Result "1/2-1/2"]
[WhiteElo "2128"]
[BlackElo "2276"]
[Annotator "ChessBase"]
[PlyCount "102"]
[EventDate "2019.05.31"]
[EventType "swiss"]
[EventCountry "ROU"]
[SourceTitle "playchess.com"]
[Source "ChessBase"]
[SourceQuality "1"]
[TimeControl "40/5400+30:1800+30"]

1. d4 {[%emt 0:00:00]} d5 {[%emt 0:00:00]} 2. c4 {[%emt 0:00:00]} e6 {[%emt 0:00:00]} 3. Nc3 {[%emt 0:00:00]} Nf6 {[%emt 0:00:00]} 4. cxd5 {[%emt 0:00:00]} exd5 {[%emt 0:00:00]} 5. Bg5 {[%emt 0:00:00]} c6 {[%emt 0:00:05]} 6. e3 {[%emt 0:00:07]} Be7 {[%emt 0:00:08]} 7. Bd3 {[%emt 0:00:11]} O-O {[%emt 0:00:19]} 8. Qc2 {[%emt 0:00:27]} Nbd7 {[%emt 0:00:11]} 9. Nf3 {[%emt 0:00:08]} Re8 {[%emt 0:00:21]} 10. O-O {[%emt 0:00:07]} h6 {[%emt 0:00:06]} 11. Bh4 {[%emt 0:07:36]} Ne4 {[%emt 0:00:20]} 12. Bxe7 Qxe7 {[%emt 0:00:25]} 13. Bxe4 {[%emt 0:01:01]} dxe4 {[%emt 0:00:16]} 14. Nd2 {[%emt 0:00:18]} f5 {[%emt 0:01:18]} 15. a3 {[%emt 0:21:28]} Nf6 {[%emt 0:06:24]} 16. Ne2 {[%emt 0:08:54]} g5 {[%emt 0:05:10]} 17. b4 {[%emt 0:07:26]} Be6 {[%emt 0:01:17]} 18. Qb2 {[%emt 0:16:39]} Bf7 {[%emt 0:14:25]} 19. Rfe1 {[%emt 0:13:05]} Nd5 {[%emt 0:01:16]} 20. Nc3 {[%emt 0:01:46]} Qf6 {[%emt 0:01:14]} 21. a4 {[%emt 0:02:48]} Bg6 {[%emt 0:05:45]} 22. Nc4 {[%emt 0:07:58]} f4 {[%emt 0:02:41]} 23. Nxd5 {[%emt 0:02:10]} cxd5 {[%emt 0:00:29]} 24. Ne5 {[%emt 0:00:05]} f3 {[%emt 0:02:35]} 25. g4 {[%emt 0:06:27]} h5 {[%emt 0:01:06]} 26. gxh5 {[%emt 0:00:50]} Bf5 {[%emt 0:02:00]} 27. Kh1 {[%emt 0:01:37]} Qh6 {[%emt 0:01:33]} 28. Rg1 {[%emt 0:00:27]} Bh3 {[%emt 0:08:04]} 29. Ng4 {[%emt 0:01:17]} Bg2+ {[%emt 0:01:09]} 30. Rxg2 {[%emt 0:00:04]} fxg2+ 31. Kxg2 {[%emt 0:00:16]} Qe6 {[%emt 0:01:30]} 32. h3 {[%emt 0:00:34]} Rac8 {[%emt 0:04:32]} 33. Kh2 {[%emt 0:01:19]} Rf8 {[%emt 0:04:02]} 34. Rg1 {[%emt 0:00:57]} Rf3 {[%emt 0:00:57]} 35. Rc1 {[%emt 0:00:24]} Rcf8 {[%emt 0:00:53]} 36. Qe2 {[%emt 0:00:21]} a6 {[%emt 0:04:43]} 37. Kg2 {[%emt 0:00:30]} Qe8 {[%emt 0:00:44]} 38. Qa2 {[%emt 0:00:49]} Qe6 {[%emt 0:02:05]} 39. Qe2 {[%emt 0:00:29]} Kh8 {[%emt 0:09:43]} 40. h6 {[%emt 0:00:00]} Qe8 {[%emt 0:00:00]} 41. Qc2 {[%emt 0:17:33]} Qh5 {[%emt 0:04:02]} 42. Rh1 {[%emt 0:00:24]} Qf7 {[%emt 0:02:03]} 43. a5 {[%emt 0:02:33]} Kh7 {[%emt 0:08:45]} 44. Qd2 {[%emt 0:07:13]} Qg6 {[%emt 0:03:03]} 45. Qc2 {[%emt 0:00:50]} Qf7 {[%emt 0:01:59]} 46. Qd2 {[%emt 0:00:20]} Qc7 {[%emt 0:00:46]} 47. Rc1 {[%emt 0:00:39]} Qd7 {[%emt 0:00:57]} 48. Qc2 {[%emt 0:00:53]} R3f7 {[%emt 0:04:19]} 49. Qa2 {[%emt 0:02:46]} Rf3 {[%emt 0:04:27]} 50. Qc2 {[%emt 0:00:20]} R3f7 {[%emt 0:01:38]} 51. Qa2 {[%emt 0:00:11]} Rf3 {[%emt 0:00:11]} 1/2-1/2

[Event "European School-ch 2019"]
[Site "Mamaia"]
[Date "2019.06.03"]
[Round "4.16"]
[White "Sustov, Savva"]
[Black "Tashev, Aleksandar"]
[Result "0-1"]
[WhiteElo "1693"]
[BlackElo "2119"]
[Annotator "ChessBase"]
[PlyCount "108"]
[EventDate "2019.05.31"]
[EventType "swiss"]
[EventCountry "ROU"]
[SourceTitle "playchess.com"]
[Source "ChessBase"]
[SourceQuality "1"]
[TimeControl "40/5400+30:1800+30"]

1. e4 {[%emt 0:00:00]} c5 {[%emt 0:00:00]} 2. Nf3 {[%emt 0:00:00]} e6 {[%emt 0:00:04]} 3. d4 {[%emt 0:00:00]} cxd4 {[%emt 0:00:22]} 4. Nxd4 {[%emt 0:00:00]} Nc6 {[%emt 0:00:16]} 5. Nc3 {[%emt 0:00:00]} a6 {[%emt 0:01:04]} 6. Be2 {[%emt 0:03:56]} Qc7 {[%emt 0:00:36]} 7. O-O {[%emt 0:01:45]} b5 {[%emt 0:01:00]} 8. Kh1 {[%emt 0:14:53]} Nf6 {[%emt 0:03:19]} 9. f4 {[%emt 0:14:08]} b4 {[%emt 0:09:00]} 10. e5 {[%emt 0:02:40]} bxc3 {[%emt 0:03:02]} 11. exf6 {[%emt 0:00:14]} gxf6 {[%emt 0:00:36]} 12. bxc3 {[%emt 0:00:12]} Bb7 {[%emt 0:01:32]} 13. Bf3 {[%emt 0:01:21]} Na5 {[%emt 0:03:08]} 14. Nb3 {[%emt 0:27:24]} Nc4 {[%emt 0:04:05]} 15. Bxb7 {[%emt 0:03:52]} Qxb7 {[%emt 0:00:00]} 16. Qe2 {[%emt 0:00:05]} Rc8 {[%emt 0:03:06]} 17. Nd2 {[%emt 0:03:16]} Nd6 {[%emt 0:03:45]} 18. Ba3 {[%emt 0:02:51]} Nb5 {[%emt 0:03:56]} 19. Bb2 {[%emt 0:05:42]} Ba3 {[%emt 0:10:35]} 20. Bxa3 {[%emt 0:02:48]} Nxa3 {[%emt 0:00:05]} 21. Ne4 {[%emt 0:00:07]} Ke7 {[%emt 0:00:35]} 22. f5 {[%emt 0:06:02]} e5 {[%emt 0:02:43]} 23. Rfd1 {[%emt 0:03:23]} d5 {[%emt 0:02:11]} 24. Qd3 {[%emt 0:02:50]} Rhd8 {[%emt 0:03:54]} 25. Ng3 {[%emt 0:01:16]} Rd7 {[%emt 0:05:28]} 26. Nh5 {[%emt 0:01:27]} Rg8 {[%emt 0:02:16]} 27. Ng3 {[%emt 0:00:33]} Rc8 {[%emt 0:01:22]} 28. Ne2 {[%emt 0:00:11]} Qb6 {[%emt 0:01:47]} 29. Rf1 {[%emt 0:01:47]} Qb5 {[%emt 0:03:08]} 30. Qxb5 {[%emt 0:00:40]} Nxb5 {[%emt 0:00:22]} 31. a4 {[%emt 0:00:49]} Nxc3 {[%emt 0:00:07]} 32. Nxc3 {[%emt 0:00:07]} Rxc3 {[%emt 0:00:05]} 33. Ra2 {[%emt 0:00:26]} Rdc7 {[%emt 0:00:57]} 34. Rf2 {[%emt 0:00:01]} Kd6 {[%emt 0:03:14]} 35. g3 {[%emt 0:01:44]} R3c4 {[%emt 0:01:36]} 36. Kg2 {[%emt 0:00:06]} R7c5 {[%emt 0:00:05]} 37. a5 {[%emt 0:00:32]} Rb5 {[%emt 0:01:38]} 38. Rf3 {[%emt 0:00:14]} e4 {[%emt 0:00:15]} 39. Rf4 {[%emt 0:00:50]} Rcc5 {[%emt 0:00:30]} 40. Rh4 {[%emt 0:00:00]} Rxa5 {[%emt 0:00:00]} 41. Rxa5 {[%emt 0:00:27]} Rxa5 {[%emt 0:00:27]} 42. Rxh7 {[%emt 0:00:08]} Ra2 {[%emt 0:02:48]} 43. Rxf7 {[%emt 0:00:51]} Rxc2+ {[%emt 0:00:05]} 44. Kg1 {[%emt 0:01:23]} Ke5 {[%emt 0:00:06]} 45. g4 {[%emt 0:00:09]} e3 {[%emt 0:01:27]} 46. Rb7 {[%emt 0:05:10]} Kf4 {[%emt 0:00:31]} 47. Rb1 {[%emt 0:01:13]} Kxg4 {[%emt 0:00:24]} 48. Rd1 {[%emt 0:00:11]} Rd2 {[%emt 0:00:17]} 49. Re1 {[%emt 0:00:06]} Kf3 {[%emt 0:00:10]} 50. Rf1+ {[%emt 0:00:18]} Rf2 {[%emt 0:00:30]} 51. Re1 {[%emt 0:00:10]} d4 {[%emt 0:00:06]} 52. h4 {[%emt 0:00:04]} d3 {[%emt 0:00:19]} 53. h5 {[%emt 0:00:23]} e2 {[%emt 0:00:36]} 54. h6 {[%emt 0:00:05]} d2 {[%emt 0:00:09]} 0-1

[Event "European School-ch 2019"]
[Site "Mamaia"]
[Date "2019.06.03"]
[Round "4.17"]
[White "Pancewicz, Szymon"]
[Black "Tarhan, Adar"]
[Result "0-1"]
[WhiteElo "1724"]
[BlackElo "1964"]
[Annotator "NA"]
[PlyCount "68"]
[EventDate "2019.05.31"]
[EventType "swiss"]
[EventCountry "ROU"]
[SourceTitle "playchess.com"]
[Source "ChessBase"]
[SourceQuality "1"]
[TimeControl "40/5400+30:1800+30"]

1. e4 {[%emt 0:00:00]} e5 {[%emt 0:00:00]} 2. Nf3 {[%emt 0:00:26]} Nc6 {[%emt 0:00:00]} 3. Bc4 {[%emt 0:00:34]} Bc5 {[%emt 0:00:03]} 4. c3 {[%emt 0:00:30]} Nf6 {[%emt 0:00:17]} 5. d4 {[%emt 0:00:51]} exd4 {[%emt 0:00:39]} 6. e5 {[%emt 0:00:37]} d5 {[%emt 0:00:14]} 7. Bb5 {[%emt 0:01:03]} Ne4 {[%emt 0:00:16]} 8. cxd4 {[%emt 0:00:55]} Bb6 {[%emt 0:00:59]} 9. Nc3 {[%emt 0:02:31]} O-O {[%emt 0:06:29]} 10. Be3 {[%emt 0:02:08]} Bg4 $11 {[%emt 0:12:58]} 11. h3 {[%emt 0:01:08]} Bf5 {[%emt 0:10:00]} 12. O-O {[%emt 0:07:26]} Ne7 {[%emt 0:05:45]} 13. Nh4 {[%emt 0:05:50]} Be6 {[%emt 0:07:35]} 14. f4 {[%emt 0:11:42]} Ng3 {[%emt 0:19:47]} 15. Rf3 {[%emt 0:03:38]} Nef5 {[%emt 0:00:45]} 16. Nxf5 {[%emt 0:00:29]} Nxf5 {[%emt 0:00:07]} 17. Bf2 {[%emt 0:01:22]} c6 {[%emt 0:01:46]} 18. Ba4 {[%emt 0:01:25]} Nh4 {[%emt 0:02:29]} 19. Rd3 {[%emt 0:05:04]} Ng6 {[%emt 0:05:38]} 20. Ne2 {[%emt 0:06:29]} f6 {[%emt 0:06:56]} 21. Bc2 {[%emt 0:06:41]} fxe5 {[%emt 0:00:23]} 22. fxe5 {[%emt 0:00:33]} Nxe5 {[%emt 0:04:24]} 23. Re3 {[%emt 0:02:49]} Qf6 {[%emt 0:01:17]} 24. Bg3 {[%emt 0:14:03]} Nc4 {[%emt 0:00:53]} 25. Rf3 {[%emt 0:01:08]} Qe7 {[%emt 0:01:37]} 26. Qd3 {[%emt 0:05:47]} g6 {[%emt 0:00:44]} 27. Nf4 {[%emt 0:01:04]} Bf5 {[%emt 0:00:27]} 28. Qd1 {[%emt 0:02:39]} Nxb2 {[%emt 0:00:57]} 29. Qc1 {[%emt 0:01:16]} Nc4 {[%emt 0:00:55]} 30. Bxf5 {[%emt 0:00:38]} Bxd4+ {[%emt 0:00:21]} 31. Kh2 {[%emt 0:00:48]} Rxf5 {[%emt 0:00:11]} 32. Rb1 {[%emt 0:01:12]} Be5 {[%emt 0:01:54]} 33. Rfb3 {[%emt 0:03:42]} Qg5 {[%emt 0:03:56]} 34. h4 {[%emt 0:03:18]} Qxf4 {[%emt 0:01:11]} 0-1

[Event "European School-ch 2019"]
[Site "Mamaia"]
[Date "2019.06.03"]
[Round "4.18"]
[White "Baranciuc, Alexandr"]
[Black "Larichev, Prokhor"]
[Result "1-0"]
[WhiteElo "1900"]
[BlackElo "1764"]
[Annotator "NA"]
[PlyCount "79"]
[EventDate "2019.05.31"]
[EventType "swiss"]
[EventCountry "ROU"]
[SourceTitle "playchess.com"]
[Source "ChessBase"]
[SourceQuality "1"]
[TimeControl "40/5400+30:1800+30"]

1. e4 {[%emt 0:00:00]} c5 {[%emt 0:00:00]} 2. Nc3 {[%emt 0:00:00]} e6 {[%emt 0:00:24]} 3. g3 {[%emt 0:00:00]} Nc6 {[%emt 0:00:41]} 4. Bg2 {[%emt 0:00:07]} Nge7 {[%emt 0:01:44]} 5. d3 {[%emt 0:00:28]} d6 {[%emt 0:00:46]} 6. f4 {[%emt 0:00:22]} g6 {[%emt 0:02:35]} 7. Nf3 {[%emt 0:02:02]} Bg7 {[%emt 0:01:27]} 8. O-O {[%emt 0:00:14]} O-O {[%emt 0:00:45]} 9. Be3 {[%emt 0:00:50]} Nd4 {[%emt 0:02:51]} 10. Bf2 {[%emt 0:02:07]} Nec6 {[%emt 0:02:23]} 11. Nxd4 {[%emt 0:00:33]} Nxd4 {[%emt 0:00:19]} 12. Rb1 {[%emt 0:03:54]} Bd7 {[%emt 0:04:45]} 13. Ne2 $11 {[%emt 0:02:22]} Nxe2+ {[%emt 0:05:35]} 14. Qxe2 {[%emt 0:00:07]} Qa5 {[%emt 0:01:03]} 15. a3 {[%emt 0:02:26]} Bc6 {[%emt 0:05:09]} 16. h4 {[%emt 0:14:54]} Rae8 {[%emt 0:05:09]} 17. h5 {[%emt 0:01:49]} f5 {[%emt 0:01:47]} 18. hxg6 {[%emt 0:01:11]} hxg6 {[%emt 0:00:06]} 19. b4 {[%emt 0:11:25]} Qxa3 {[%emt 0:01:43]} 20. bxc5 {[%emt 0:00:07]} dxc5 {[%emt 0:00:55]} 21. e5 {[%emt 0:00:07]} Bxg2 {[%emt 0:01:50]} 22. Kxg2 {[%emt 0:00:05]} b6 {[%emt 0:05:10]} 23. Ra1 {[%emt 0:12:41]} Qc3 {[%emt 0:00:31]} 24. Rfb1 {[%emt 0:05:45]} Rb8 {[%emt 0:06:47]} 25. Rxa7 {[%emt 0:09:58]} Rf7 {[%emt 0:02:39]} 26. Ra4 {[%emt 0:03:00]} c4 {[%emt 0:00:49]} 27. Rxc4 {[%emt 0:00:54]} Qa5 {[%emt 0:00:06]} 28. Qf3 {[%emt 0:05:05]} Rfb7 {[%emt 0:01:58]} 29. Qc6 {[%emt 0:01:04]} Qd5+ {[%emt 0:00:16]} 30. Qxd5 {[%emt 0:00:06]} exd5 {[%emt 0:00:02]} 31. Rc6 {[%emt 0:00:09]} b5 {[%emt 0:00:09]} 32. Rxg6 {[%emt 0:01:08]} Kf7 {[%emt 0:00:09]} 33. Rd6 {[%emt 0:00:05]} Ra8 {[%emt 0:00:19]} 34. Rxd5 {[%emt 0:00:56]} Ra2 {[%emt 0:00:06]} 35. Rdxb5 {[%emt 0:00:52]} Rxb5 {[%emt 0:00:04]} 36. Rxb5 {[%emt 0:00:04]} Rxc2 {[%emt 0:00:02]} 37. d4 {[%emt 0:01:33]} Rd2 {[%emt 0:00:19]} 38. d5 {[%emt 0:00:20]} Ke7 {[%emt 0:00:04]} 39. Rb7+ {[%emt 0:00:08]} Kf8 {[%emt 0:00:04]} 40. d6 {[%emt 0:00:00]} 1-0